000 01182cam a22002174a 4500
005 20250605164117.0
008 250528s ||||||||||||||||||||||||d
035 _a18108
020 _a201038226
040 _aGR-AtMCL
_bgre
_dGR-AtMCL
_eAACR2
245 1 _aThe Art of Computer Programming / Volume 2/ Seminumerical Algorithms Second edition
250 _a2nd
260 _bAddison-Wesley Publishing Company,
_c1981
300 _a692
505 0 _aRandom Numbers, Introduction, Statistical Tests, Other Types of Random Quantities, Arithmetic, Floating-Point Arithmetic, Radix Conversion, Rational Arithmetic, Polynomial Arithmetic, Manipulation of Power Series, Answers to Exercises, Tables of Numerical Quantities, Index to Notations, Index and Glossary.
520 _aRandom Numbers, Introduction, Statistical Tests, Other Types of Random Quantities, Arithmetic, Floating-Point Arithmetic, Radix Conversion, Rational Arithmetic, Polynomial Arithmetic, Manipulation of Power Series, Answers to Exercises, Tables of Numerical Quantities, Index to Notations, Index and Glossary.
700 1 _aKnuth E. Donald
_94399
942 _cBK
999 _c3492
_d3492